Викорнистання гри у навчанні монологічного мовлення на початковому етапі середньої школи. (Запис № 281865)
[ простий вигляд ]
| 000 -LEADER | |
|---|---|
| fixed length control field | 01624nam a22001577a 4500 |
| 041 ## - LANGUAGE CODE | |
| Language code of text/sound track or separate title | ukr |
| 080 ## - UNIVERSAL DECIMAL CLASSIFICATION NUMBER | |
| Universal Decimal Classification number | 09 |
| 090 ## - LOCALLY ASSIGNED LC-TYPE CALL NUMBER (OCLC); LOCAL CALL NUMBER (OCLC) | |
| Local cutter number (OCLC) ; Book number/undivided call number, CALL (RLIN) | ЗАР |
| 100 ## - MAIN ENTRY--PERSONAL NAME | |
| Personal name | Зарва О. М. |
| 245 ## - TITLE STATEMENT | |
| Title | Викорнистання гри у навчанні монологічного мовлення на початковому етапі середньої школи. |
| 260 ## - PUBLICATION, DISTRIBUTION, ETC. (IMPRINT) | |
| Place of publication, distribution, etc | Острог |
| Name of publisher, distributor, etc | КАФ |
| Date of publication, distribution, etc | 2003 |
| 300 ## - PHYSICAL DESCRIPTION | |
| Extent | 43 |
| 520 ## - SUMMARY, ETC. | |
| Summary, etc | Розділ 1. Психофізіологічні та вікові аспекти використання гри в навчанні монологічного мовлення на початковому етапі середньої школи.<br/>1.1. Врахування вікових та індивідуально психологічних особливостей учнів у процесі навчання монологічного мовлення.<br/>1.2. Гра, як засіб мотивації навчання монологічного мовлення на початковому етапі.<br/>1.3. Характеристика ігор для навчання монологічного мовлення.<br/>Розділ 2. Методика використання гри в процесі монологічного мовлення на початковому етапі середньої школи.<br/>2.1. Ігри для навчання монологічного мовлення різних рівнів.<br/>2.2. Модель навчального процесу. |
| -- | методика, монологічне мовлення, гра |
| 650 ## - SUBJECT ADDED ENTRY--TOPICAL TERM | |
| Topical term or geographic name as entry element | Research Papers |
| 942 ## - ADDED ENTRY ELEMENTS (KOHA) | |
| Koha item type | Книги |
| Withdrawn status | Lost status | Source of classification or shelving scheme | Damaged status | Not for loan | Home library | Current library | Date acquired | Source of acquisition | Coded location qualifier | Cost, normal purchase price | Total Checkouts | Full call number | Barcode | Date last seen | Price effective from | Koha item type |
|---|---|---|---|---|---|---|---|---|---|---|---|---|---|---|---|---|
| Universal Decimal Classification | ВІЛ - Відділ іноземн. літератури НБ | ВІЛ - Відділ іноземн. літератури НБ | 08/08/2005 | Акт 03\01 | В21 | 1.00 | 09 | 208795 | 20/12/2021 | 01/09/2003 | Книги |